UBT Library

The dialogue between higher education research and practice : (Record no. 47874)

000 -LEADER
fixed length control field 00782cam a22002534a 4500
001 - CONTROL NUMBER
control field 13244394
005 - DATE AND TIME OF LATEST TRANSACTION
control field 20180918035450.0
008 - FIXED-LENGTH DATA ELEMENTS--GENERAL INFORMATION
fixed length control field 030619s2003 ne a b 000 0 eng
010 ## - LIBRARY OF CONGRESS CONTROL NUMBER
LC control number 2003056447
020 ## - INTERNATIONAL STANDARD BOOK NUMBER
International Standard Book Number 1402015054
040 ## - CATALOGING SOURCE
Original cataloging agency DLC
Transcribing agency DLC
Modifying agency DLC
041 ## - LANGUAGE CODE
Language code of text/sound track or separate title eng
042 ## - AUTHENTICATION CODE
Authentication code pcc
043 ## - GEOGRAPHIC AREA CODE
Geographic area code e------
080 ## - UNIVERSAL DECIMAL CLASSIFICATION NUMBER
Universal Decimal Classification number 378.007 BEG
082 00 - DEWEY DECIMAL CLASSIFICATION NUMBER
Classification number 378.007 BEG
Edition number 21
100 ## - Rafti
Rafti 25
101 ## - Shkurtesa
Shkurtesa EDU
245 04 - TITLE STATEMENT
Title The dialogue between higher education research and practice :
Statement of responsibility, etc edited by Roddy Begg.
504 ## - BIBLIOGRAPHY, ETC. NOTE
Bibliography, etc Includes bibliographical references.
906 ## - LOCAL DATA ELEMENT F, LDF (RLIN)
a 7
b cbc
c orignew
d 1
e ocip
f 20
g y-gencatlg
942 ## - ADDED ENTRY ELEMENTS (KOHA)
Source of classification or shelving scheme
Item type Books
Holdings
Withdrawn status Lost status Source of classification or shelving scheme Damaged status Not for loan Collection code Permanent location Current location Shelving location Date acquired Total Checkouts Full call number Barcode Date last seen Price effective from Koha item type
          Koleksioni i përgjithshem UBT - Lipjan UBT - Lipjan Koleksioni i përgjithshem 09/18/2018   378.007 BEG 002-3013007 09/18/2018 09/18/2018 Books
UBT Library © 2015-2024. All rights reserved University Education for Business and Technology